00323nam a2200109 a 4500008004100000050001700041245005500058246002200113260004900135300002000184350000900204120416s1972 ||||||||||||||||| || u aQA 279.5 Win13aAn introduction to Bayesian inference and decision aRobert L. Winkler aNew YorkbHolt, Rinehart and Winstonc(1972) axi, 563p. : ill a0.00